000 00793nam a2200241 4500
001 121302
003 ES-MaACL
005 20250822094344.0
007 t|
008 070214s1983 sp r ||||1| spa d
020 _a84-265-5068-1
080 _a371.26
100 1 _aPopham, W. James.
_993094
245 1 0 _aEvaluación basada en criterios /
_cW. James Popham ; traducción de Enma Fondevila.
260 _aMadrid :
_bMagisterio Español,
_c1983.
300 _a333 p. :
_bil. ;
_c23 cm.
490 1 _aBiblioteca de ciencias de la educación
650 4 _aEstudiantes-
_xEvaluación.
_912571
700 1 _aFondevila, Enma.
_951496
830 1 0 _aBiblioteca de ciencias de la educación (Magisterio Español)
_9181788
852 _aES-MaACL
_jL-5140
999 _c121302
_d121302